Library Banner

Arab kindom of Al-Mensurah in Sind (Record no. 64813)

MARC details
000 -LEADER
fixed length control field 00400nam a22001457a 4500
005 - DATE AND TIME OF LATEST TRANSACTION
control field 20150116113639.0
008 - FIXED-LENGTH DATA ELEMENTS--GENERAL INFORMATION
fixed length control field 150115b xxu||||| |||| 00| 0 eng d
040 ## - CATALOGING SOURCE
Transcribing agency PK-LaUMT
082 ## - DEWEY DECIMAL CLASSIFICATION NUMBER
Classification number KHC 954.918
Item number MUM-A
100 ## - MAIN ENTRY--PERSONAL NAME
Personal name Mumtaz Husain Pathan
245 ## - TITLE STATEMENT
Title Arab kindom of Al-Mensurah in Sind
Statement of responsibility, etc Mumtaz Husain Pathan
260 ## - PUBLICATION, DISTRIBUTION, ETC. (IMPRINT)
Place of publication, distribution, etc Sind
Name of publisher, distributor, etc Institue of Sindhology
Date of publication, distribution, etc 1974
300 ## - PHYSICAL DESCRIPTION
Extent 216 p.
942 ## - ADDED ENTRY ELEMENTS (KOHA)
Koha item type Books
Holdings
Withdrawn status Lost status Damaged status Home library Current library Date acquired Full call number Barcode Date last seen Koha item type
      UMT Main Campus UMT Main Campus 2015-01-15 KHC 954.918 MUM-A 74944 2015-01-15 Books